[Event "DRUZYNOWE MISTRZOSTWA POLSKI JUNIOROW - II LIGA"]
[Site "Szczyrk, CKiR Orle Gniazdo ul. Wrzosowa 28a"]
[Date "2014-07-29"]
[Round "7.77"]
[White "Larysz, Anna"]
[Black "Krzysztynska, Anna"]
[Result "1-0"]
[WhiteTitle "I"]
[BlackTitle "I"]
[WhiteElo "1575"]
[BlackElo "1411"]

1. d4 c5 2. e3 g6 3. b3 Bg7 4. Bb2 Nf6 5. Bd3 cxd4 6. exd4 d5 7. Nf3 Nc6 8. a3
O-O 9. O-O Re8 10. Nbd2 Bd7 11. Re1 Qc7 12. Ne5 Nxe5 13. dxe5 Ng4 14. Nf3 f5 15.
h3 Nh6 16. Rc1 Bc6 17. c4 Qd8 18. Nd4 e6 19. b4 a6 20. Qb3 Rc8 21. b5 axb5 22.
cxb5 Bd7 23. Rxc8 Qxc8 24. Rc1 Qd8 25. Nf3 b6 26. Qc3 Bf8 27. a4 Nf7 28. Qc7 Bc5
29. Qxd8 Rxd8 30. Nd2 Ra8 31. Ra1 g5 32. Nb3 h5 33. a5 Nd8 34. a6 g4 35. Rc1 Bf8
36. Rc7 Be8 37. hxg4 hxg4 38. Bd4 Nf7 39. Bxb6 Nxe5 40. Be2 Nd7 41. Bc5 Nxc5 42.
Nxc5 Bd6 43. Nxe6 Bxc7 44. Nxc7 Bxb5 45. Bxb5 d4 46. Nxa8 1-0

[Event "DRUZYNOWE MISTRZOSTWA POLSKI JUNIOROW - II LIGA"]
[Site "Szczyrk, CKiR Orle Gniazdo ul. Wrzosowa 28a"]
[Date "2014-07-29"]
[Round "7.78"]
[White "Winter, Anna"]
[Black "Wagner, Klaudia"]
[Result "1/2-1/2"]
[WhiteTitle "II+"]
[BlackTitle "II"]
[WhiteElo "1340"]
[BlackElo "1230"]

1. e4 e6 2. d4 d5 3. e5 c5 4. c3 Nc6 5. Nf3 Qb6 6. a3 Bd7 7. b4 cxb4 8. cxb4 Rc8
9. Be3 a6 10. Be2 Nge7 11. O-O Ng6 12. Nbd2 Be7 13. Nb3 Qa7 14. Nc5 Bxc5 15. bxc5
b6 16. Rc1 bxc5 17. Rxc5 O-O 18. Qd3 Ra8 19. Rfc1 Rfc8 20. Bd2 Nce7 21. Rxc8+
Bxc8 22. Bb4 Nf4 23. Qd2 Nxe2+ 24. Qxe2 Nf5 25. Qd2 Bd7 26. Rc5 Bb5 27. Qc3 Qb7
28. Rc7 Qb8 29. Bd6 Qe8 30. h3 Rd8 31. Bb4 Rd7 32. Rxd7 Qxd7 33. Qc5 Qe8 34. Qc3
Qc6 35. Qxc6 Bxc6 36. g4 Nh6 37. Ng5 Bd7 38. Bd2 Be8 39. Kg2 Kh8 40. Kf3 Ng8 41.
Ke2 h6 1/2-1/2

[Event "DRUZYNOWE MISTRZOSTWA POLSKI JUNIOROW - II LIGA"]
[Site "Szczyrk, CKiR Orle Gniazdo ul. Wrzosowa 28a"]
[Date "2014-07-29"]
[Round "7.79"]
[White "Osinski, Emil"]
[Black "Slany, Wiktor"]
[Result "1-0"]
[WhiteTitle "I"]
[BlackTitle "II+"]
[WhiteElo "1937"]
[BlackElo "1737"]

1. e4 e5 2. Nf3 Nc6 3. d4 exd4 4. Nxd4 Bc5 5. Be3 Qf6 6. c3 Qg6 7. Qf3 Nxd4 8.
cxd4 Bb4+ 9. Nc3 Ne7 10. Bd3 d5 11. h3 c6 12. O-O O-O 13. Bf4 dxe4 14. Nxe4 Bf5
15. a3 Ba5 16. Rfd1 Nd5 17. Be5 Kh8 18. g4 Bxe4 19. Bxe4 Qe6 20. b4 f6 21. Bg3
Bb6 22. Qd3 h6 23. Bf5 Qe7 24. Re1 Qd8 25. Re6 Bc7 26. Rae1 Bxg3 27. Qxg3 Qb6
28. R1e4 Nc7 29. Re7 Nd5 30. Rd7 Rad8 31. Qd6 a5 32. b5 Rde8 33. Rf7 Qd8 34. Bd7
Rg8 35. Rxe8 Rxe8 36. bxc6 bxc6 37. Kh2 Kg8 38. Qxc6 Qb8+ 39. Kg2 Nf4+ 40. Kf3
Kxf7 41. Bxe8+ Qxe8 42. Qxe8+ Kxe8 43. Kxf4 g6 44. Ke4 Kd7 45. Kd5 h5 46. gxh5
gxh5 47. f4 a4 48. h4 Ke7 49. Kc6 Ke6 50. d5+ 1-0

[Event "DRUZYNOWE MISTRZOSTWA POLSKI JUNIOROW - II LIGA"]
[Site "Szczyrk, CKiR Orle Gniazdo ul. Wrzosowa 28a"]
[Date "2014-07-29"]
[Round "7.80"]
[White "Blaszczak, Jedrzej"]
[Black "Wolniaczyk, Bartosz"]
[Result "0-1"]
[WhiteTitle "II"]
[BlackTitle "II"]
[WhiteElo "1569"]
[BlackElo "1581"]

1. e4 d5 2. exd5 Qxd5 3. Nc3 Qa5 4. d4 Nf6 5. Nf3 Bg4 6. h3 Bh5 7. g4 Bg6 8. Ne5
Nbd7 9. Nxd7 Nxd7 10. Bg2 c6 11. Bd2 e6 12. h4 h6 13. Qe2 O-O-O 14. O-O-O Bb4
15. Kb1 Nb6 16. Ne4 Rxd4 17. c3 Nc4 18. cxb4 Qd5 19. Kc1 Nxd2 20. Nc3 Qxa2 21.
Be4 Bxe4 22. Nxe4 Qb1# 0-1

[Event "DRUZYNOWE MISTRZOSTWA POLSKI JUNIOROW - II LIGA"]
[Site "Szczyrk, CKiR Orle Gniazdo ul. Wrzosowa 28a"]
[Date "2014-07-29"]
[Round "7.81"]
[White "Guzik, Natalia"]
[Black "Burzak, Wojciech"]
[Result "1-0"]
[WhiteTitle "I+"]
[BlackTitle "II"]
[WhiteElo "1539"]
[BlackElo "1401"]

1. e4 e5 2. Nf3 Nc6 3. d4 exd4 4. Nxd4 Nf6 5. Nc3 Bb4 6. a3 Bxc3+ 7. bxc3 Nxe4
8. Qg4 Nxd4 9. cxd4 Nf6 10. Qxg7 Rg8 11. Qh6 Rg6 12. Qe3+ Qe7 13. Qxe7+ Kxe7 14.
Bf4 c6 15. f3 d5 16. Kf2 Bf5 17. Rb1 b6 18. Rb2 h5 19. a4 Nd7 20. Ba6 Rag8 21.
Re1+ Re6 22. Rxe6+ Bxe6 23. Bb7 c5 24. c3 c4 25. a5 bxa5 26. Ra2 Kf6 27. Rxa5
Kf5 28. Bd6 Nf6 29. Rxa7 Rd8 30. Bc5 Rb8 31. Bb6 h4 32. Bc7 Re8 33. Bc6 Rc8 34.
Ba4 h3 35. Bc2+ Kg5 36. f4+ Kg4 37. gxh3+ Kxh3 38. f5 Rg8 39. fxe6 Rg2+ 40. Ke1
Rxc2 41. exf7 Ne4 42. f8=Q Rc1+ 43. Ke2 Rc2+ 44. Kd1 Rd2+ 45. Kc1 1-0

[Event "DRUZYNOWE MISTRZOSTWA POLSKI JUNIOROW - II LIGA"]
[Site "Szczyrk, CKiR Orle Gniazdo ul. Wrzosowa 28a"]
[Date "2014-07-29"]
[Round "7.82"]
[White "Skowron, Mateusz"]
[Black "Bakalarczyk, Jakub"]
[Result "0-1"]
[WhiteTitle "I"]
[BlackTitle "II"]
[WhiteElo "1395"]
[BlackElo "1457"]

1. f4 d5 2. Nf3 c5 3. e3 e6 4. b3 Nf6 5. Bb5+ Nbd7 6. Bb2 g6 7. O-O Bg7 8. d3 O-O
9. Bxd7 Bxd7 10. Nbd2 Qc7 11. Ne5 b5 12. Nxd7 Nxd7 13. Bxg7 Kxg7 14. a4 a6 15.
Ra2 Nb6 16. Qa1+ Kg8 17. axb5 axb5 18. Qb2 Rxa2 19. Qxa2 Ra8 20. Qb2 Qa7 21. Nf3
Nd7 22. Ne5 Nxe5 23. Qxe5 Qa2 24. Qc7 Qxc2 25. Qc6 Ra2 26. Qe8+ Kg7 27. Qxf7+
Kxf7 28. Rf2 Qxf2+ 29. Kh1 Qxg2# 0-1

[Event "DRUZYNOWE MISTRZOSTWA POLSKI JUNIOROW - II LIGA"]
[Site "Szczyrk, CKiR Orle Gniazdo ul. Wrzosowa 28a"]
[Date "2014-07-29"]
[Round "7.83"]
[White "Wojna, Ewelina"]
[Black "Kubicka, Anna"]
[Result "0-1"]
[WhiteTitle "I"]
[BlackTitle "I++"]
[WhiteElo "1565"]
[BlackElo "1760"]

1. d4 Nf6 2. c4 c5 3. e3 g6 4. Nc3 cxd4 5. exd4 d5 6. cxd5 Nxd5 7. Bc4 Nb6 8. Bb5+
N8d7 9. Nf3 Bg7 10. O-O O-O 11. h3 Nf6 12. Bf4 Nfd5 13. Be5 Bf5 14. Rc1 Rc8 15.
a3 Bh6 16. Ra1 Nxc3 17. bxc3 Rxc3 18. a4 Qd5 19. Kh2 Rfc8 20. Nh4 Bc2 21. Qe1
a6 22. Be2 Bxa4 23. Bf3 Qd7 24. Bg4 f5 25. Be2 Nd5 26. g4 Bf4+ 27. Bxf4 Nxf4 28.
gxf5 Rxh3+ 29. Kg1 Rxh4 30. f3 Qxd4+ 31. Rf2 Nh3+ 0-1

[Event "DRUZYNOWE MISTRZOSTWA POLSKI JUNIOROW - II LIGA"]
[Site "Szczyrk, CKiR Orle Gniazdo ul. Wrzosowa 28a"]
[Date "2014-07-29"]
[Round "7.84"]
[White "Gil, Oliwia"]
[Black "Bakalarczyk, Zuzanna"]
[Result "1-0"]
[WhiteTitle "II"]
[BlackTitle "II"]
[WhiteElo "1307"]
[BlackElo "1239"]

1. e4 e5 2. Nf3 Nf6 3. Nxe5 d6 4. Nf3 Nxe4 5. d4 d5 6. Bd3 Nc6 7. h3 Be7 8. O-O
O-O 9. c4 Nf6 10. Nc3 Be6 11. cxd5 Nxd5 12. a3 Bf6 13. Be3 Nce7 14. Qc2 h6 15.
Rad1 Nb6 16. Rfe1 c6 17. Ne5 Qc7 18. Bf4 Bxe5 19. dxe5 Rad8 20. Bg3 Nbd5 21. Rd2
Nxc3 22. Qxc3 Nd5 23. Qc5 b6 24. Qc2 c5 25. Bb5 Ne7 26. Red1 Rxd2 27. Rxd2 Nc6
28. Qe4 Ne7 29. Qd3 Ng6 30. Qd6 Qb8 31. Qxb8 Rxb8 32. Rd6 Kf8 33. Kf1 Ke7 34.
Ke2 Rd8 35. Rxd8 Kxd8 36. Ke3 Ke7 37. Ke4 Nf8 38. Bh4+ f6 39. exf6+ gxf6 40. Bg3
Nd7 41. f3 h5 42. Be2 Kf7 43. Bd6 Kg6 44. g4 hxg4 45. hxg4 f5+ 46. Kf4 fxg4 47.
fxg4 Nf6 48. Bd3+ Kg7 49. Be5 Kf7 50. Bxf6 Kxf6 51. g5+ Kg7 52. Ke5 Bf7 53. Kd6
Bg6 54. Bxg6 Kxg6 55. Kc6 Kxg5 56. Kb7 b5 57. Kxa7 b4 58. axb4 cxb4 59. Kb6 Kf6
60. Kc5 b3 61. Kc4 Ke6 62. Kxb3 Kd6 63. Kb4 Kc6 64. Ka5 Kb7 65. Kb5 Ka8 66. Ka6
Kb8 67. Kb6 1-0

[Event "DRUZYNOWE MISTRZOSTWA POLSKI JUNIOROW - II LIGA"]
[Site "Szczyrk, CKiR Orle Gniazdo ul. Wrzosowa 28a"]
[Date "2014-07-29"]
[Round "7.85"]
[White "Kroczka, Gromoslaw"]
[Black "Cieslak, Patrycjusz"]
[Result "1/2-1/2"]
[WhiteTitle "I"]
[BlackTitle "I"]
[WhiteElo "1788"]
[BlackElo "1824"]

1. e4 d5 2. exd5 Nf6 3. d4 Bg4 4. Nf3 Qxd5 5. Be2 Nc6 6. c4 Qf5 7. d5 Bxf3 8. Bxf3
Ne5 9. Nd2 Nd3+ 10. Kf1 Nxc1 11. Rxc1 O-O-O 12. Ne4 e6 13. Nxf6 Qxf6 14. Qb3 exd5
15. cxd5 Bd6 16. g3 h5 17. h4 g5 18. Kg2 g4 19. Be2 Rhe8 20. Rc2 Re4 21. Rhc1
Qe5 22. Bd3 Rd4 23. Bc4 f5 24. Re2 Re4 25. Rce1 Bc5 26. Bd3 Rxe2 27. Rxe2 Qxd5+
28. Qxd5 Rxd5 29. Bc4 Rd6 30. Be6+ Kd8 31. Bxf5 Rf6 32. Be4 c6 33. f3 gxf3+ 34.
Bxf3 Rf5 35. Be4 Rf6 36. Bf3 Rf5 37. Be4 Rf6 38. Bf3 Rf5 39. Be4 Rf6 40. Bf3 Rf5
41. Be4 1/2-1/2

[Event "DRUZYNOWE MISTRZOSTWA POLSKI JUNIOROW - II LIGA"]
[Site "Szczyrk, CKiR Orle Gniazdo ul. Wrzosowa 28a"]
[Date "2014-07-29"]
[Round "7.86"]
[White "Kucza, Jan"]
[Black "Wisniewski, Szymon"]
[Result "1/2-1/2"]
[WhiteTitle "II"]
[BlackTitle "I"]
[WhiteElo "1460"]
[BlackElo "1849"]

1. e4 c5 2. Nf3 e6 3. d4 cxd4 4. Nxd4 Nf6 5. Nc3 Nc6 6. Ndb5 Bb4 7. a3 Bxc3+ 8.
Nxc3 d5 9. exd5 exd5 10. Bd3 O-O 11. O-O Bg4 12. Qd2 Ne5 13. Be2 Qc7 14. h3 Be6
15. Qd4 Nc6 16. Qh4 Ne7 17. Bg5 Nf5 18. Qb4 Nd7 19. Bd3 a5 20. Qf4 Qxf4 21. Bxf4
Rac8 22. Nxd5 Nf6 23. Nxf6+ gxf6 24. Bd2 Kg7 25. Bxa5 Nd4 26. Bc3 Rfd8 27. Rfe1
Bc4 28. Re4 Nb3 29. Rg4+ Kh6 30. Rh4+ Kg5 31. Rg4+ Kh6 32. Bxf6 Rxd3 33. Bg7+
Kh5 34. Re1 f5 35. Rxc4 Rxc4 36. cxd3 Rc2 37. Re6 Nc5 38. Rh6+ Kg5 39. g3 Nxd3
40. f4+ Nxf4 41. gxf4+ Kxf4 42. Rxh7 Kf3 43. Bc3 Rc1+ 44. Kh2 Rc2+ 45. Kg1 Rc1+
1/2-1/2

[Event "DRUZYNOWE MISTRZOSTWA POLSKI JUNIOROW - II LIGA"]
[Site "Szczyrk, CKiR Orle Gniazdo ul. Wrzosowa 28a"]
[Date "2014-07-29"]
[Round "7.87"]
[White "Kulpinski, Jakub"]
[Black "Klementowski, Dawid"]
[Result "0-1"]
[WhiteTitle "III"]
[BlackTitle "I"]
[WhiteElo "1375"]
[BlackElo "1659"]

1. e4 c5 2. Nf3 Nf6 3. Nc3 Nc6 4. d4 d5 5. Bb5 a6 6. exd5 Nxd5 7. Bxc6+ bxc6 8.
Ne4 cxd4 9. Qxd4 f6 10. O-O e5 11. Qc4 Qc7 12. Be3 Be7 13. Rfd1 Be6 14. Qa4 Nxe3
15. fxe3 O-O 16. Rd2 Qb6 17. Re1 Rfd8 18. Rxd8+ Rxd8 19. Kf1 Rd5 20. c3 Ra5 21.
Qd1 Rxa2 22. b4 a5 23. bxa5 Rxa5 24. Qb1 Rb5 25. Qa1 Kf7 26. Kf2 Ra5 27. Qb1 Ra2+
28. Kf1 Qxb1 29. Rxb1 Bc4+ 30. Kg1 Bd3 31. Neg5+ Kg6 32. Rd1 Be2 33. Re1 Bc5 34.
Ne6 Bxe3+ 35. Kh1 Bxf3 36. gxf3 Bf4 37. Nxf4+ exf4 38. Re4 Kf5 39. Rc4 Rf2 40.
Rc5+ Kg6 41. Rxc6 Rxf3 42. Kg2 Rd3 43. c4 Rd2+ 44. Kf3 Rxh2 45. Kxf4 Rc2 46. Rc8
h5 47. c5 Rc4+ 48. Kg3 h4+ 49. Kh3 Kg5 50. c6 Rc3+ 51. Kh2 Kg4 52. c7 Rc2+ 53.
Kg1 Kg3 54. Kf1 h3 55. Ra8 Rc1+ 56. Ke2 Rxc7 57. Ra3+ Kg2 58. Ra2 Re7+ 59. Kd3+
Kg3 60. Ra3 h2 61. Kd4+ Kf2 62. Ra2+ Re2 63. Rxe2+ Kxe2 64. Ke4 h1=Q+ 65. Kf5
Kf3 66. Kg6 Kf4 67. Kxg7 Kf5 68. Kf7 Qb7+ 69. Kg8 Kg6 70. Kf8 Qf7# 0-1

[Event "DRUZYNOWE MISTRZOSTWA POLSKI JUNIOROW - II LIGA"]
[Site "Szczyrk, CKiR Orle Gniazdo ul. Wrzosowa 28a"]
[Date "2014-07-29"]
[Round "7.88"]
[White "Posluszny, Tomasz"]
[Black "Kozakiewicz, Gracjan"]
[Result "1/2-1/2"]
[WhiteTitle "II"]
[BlackTitle "I"]
[WhiteElo "1490"]
[BlackElo "1589"]

1. d4 Nf6 2. c4 c5 3. d5 b5 4. cxb5 a6 5. b6 Qxb6 6. Nc3 d6 7. e4 g6 8. Nf3 Nbd7
9. Be2 Bg7 10. Nd2 O-O 11. Nc4 Qc7 12. a4 Nb6 13. Ne3 a5 14. Nb5 Qb7 15. f3 Bd7
16. Nc2 Nxa4 17. Rxa4 Bxb5 18. Bxb5 Qxb5 19. Na3 Qb7 20. Qd2 Nd7 21. Nc4 Qb5 22.
Qc2 Nb6 23. Nxb6 Qxb6 24. O-O Rfb8 25. Ra2 Qb3 26. Qxb3 Rxb3 27. Re1 Rab8 28.
Re2 R8b5 29. Kf1 c4 30. Rc2 c3 31. bxc3 Bxc3 32. Ra4 Bb4 33. Raa2 Rc3 34. Rxc3
Bxc3 35. Ke2 Bb4 36. Kd3 Rc5 37. Bb2 f6 38. Ra1 Kf7 39. h3 e6 40. dxe6+ Kxe6 41.
f4 f5 42. e5 g5 43. g3 gxf4 44. gxf4 dxe5 45. Bxe5 Kd5 46. Rg1 h6 47. Rg7 1/2-1/2

[Event "DRUZYNOWE MISTRZOSTWA POLSKI JUNIOROW - II LIGA"]
[Site "Szczyrk, CKiR Orle Gniazdo ul. Wrzosowa 28a"]
[Date "2014-07-29"]
[Round "7.90"]
[White "Zniszczol, Wiktoria"]
[Black "Humin, Julia"]
[Result "1/2-1/2"]
[WhiteTitle "II"]
[BlackTitle "I"]
[WhiteElo "1028"]
[BlackElo "1457"]

1. e4 e6 2. Nc3 d5 3. Nf3 c5 4. e5 Nc6 5. d3 Nge7 6. Bf4 Qc7 7. g3 Ng6 8. Qe2 Bd7
9. Bg2 Be7 10. O-O Nxf4 11. gxf4 O-O-O 12. a4 f6 13. Nb5 Qb6 14. b3 a6 15. Na3
Qc7 16. Rfc1 f5 17. c3 h6 18. b4 cxb4 19. cxb4 Bxb4 20. Nd4 Bxa3 21. Rxa3 Kb8
22. Nxc6+ Bxc6 23. Qb2 Ka8 24. d4 Qa5 25. Rb1 Rc8 26. Rb3 Rb8 27. Bf1 Qc7 28.
Rb6 Ka7 29. a5 g5 30. Rc1 Qc8 31. Rc3 Rh7 32. Qc1 Rc7 33. Kh1 gxf4 34. Qxf4 h5
35. Qg5 Bd7 36. Rxc7 Qxc7 37. Qd2 Bc8 38. Rd6 Bd7 39. Rb6 Bc8 40. Rd6 Bd7 41.
Rb6 Bc8 1/2-1/2

[Event "DRUZYNOWE MISTRZOSTWA POLSKI JUNIOROW - II LIGA"]
[Site "Szczyrk, CKiR Orle Gniazdo ul. Wrzosowa 28a"]
[Date "2014-07-29"]
[Round "7.91"]
[White "Kulas, Szymon"]
[Black "Stasiowski, Karol"]
[Result "1-0"]
[WhiteTitle "I++"]
[BlackTitle "II"]
[WhiteElo "2005"]
[BlackElo "1521"]

1. Nf3 c6 2. c4 d5 3. d4 e6 4. Nc3 f5 5. Bg5 Nf6 6. Ne5 Bd6 7. e3 O-O 8. f4 Qe8
9. Bxf6 Rxf6 10. Qf3 Nd7 11. Bd3 Nf8 12. g4 Ng6 13. h4 dxc4 14. Nxc4 fxg4 15.
Nxd6 Qd7 16. Qxg4 Qxd6 17. O-O-O Nxf4 18. exf4 Qxf4+ 19. Qxf4 Rxf4 20. Ne4 b6
21. Rdf1 Rxf1+ 22. Rxf1 Bd7 23. Bc4 h6 24. Kd2 Rd8 25. Ke3 Bc8 26. a4 Kh7 27.
Rf7 a6 28. h5 b5 29. Bb3 Kg8 30. Rc7 1-0

[Event "DRUZYNOWE MISTRZOSTWA POLSKI JUNIOROW - II LIGA"]
[Site "Szczyrk, CKiR Orle Gniazdo ul. Wrzosowa 28a"]
[Date "2014-07-29"]
[Round "7.92"]
[White "Lipski, Lukasz"]
[Black "Komandera, Pawel"]
[Result "1-0"]
[WhiteTitle "II+"]
[BlackTitle "II"]
[WhiteElo "1595"]
[BlackElo "1453"]

1. d4 e6 2. Nf3 d5 3. c4 c6 4. Nc3 f5 5. cxd5 exd5 6. Bf4 Nf6 7. e3 Bd6 8. Be5
O-O 9. Bd3 Ne4 10. Qb3 Kh8 11. Rc1 Bxe5 12. Nxe5 Nd7 13. Nxd7 Qxd7 14. Qb4 Qf7
15. O-O Be6 16. Nxe4 fxe4 17. Be2 Qg6 18. f3 Bh3 19. Rf2 exf3 20. Bxf3 Rxf3 21.
Rcf1 Rxf2 22. Rxf2 Bf5 23. Qxb7 Rc8 24. Qxc8+ Bxc8 25. Rf8# 1-0

[Event "DRUZYNOWE MISTRZOSTWA POLSKI JUNIOROW - II LIGA"]
[Site "Szczyrk, CKiR Orle Gniazdo ul. Wrzosowa 28a"]
[Date "2014-07-29"]
[Round "7.94"]
[White "Dwilewicz, Agata"]
[Black "Klisz, Karolina"]
[Result "1-0"]
[WhiteTitle "I"]
[BlackTitle "I"]
[WhiteElo "1540"]
[BlackElo "1440"]

1. e4 e6 2. d4 d5 3. Nd2 dxe4 4. Nxe4 Bd7 5. Nf3 Bc6 6. Bd3 Nd7 7. O-O Ngf6 8.
Ng3 Be7 9. Qe2 b6 10. Ne5 Bb7 11. b3 Nxe5 12. dxe5 Qd5 13. f4 Bc5+ 14. Kh1 Nd7
15. Be4 Qd4 16. c3 Qxc3 17. Bb2 Qb4 18. Bxb7 Rd8 19. Rac1 b5 20. Bc6 a6 21. a3
Qxb3 22. Rxc5 1-0

[Event "DRUZYNOWE MISTRZOSTWA POLSKI JUNIOROW - II LIGA"]
[Site "Szczyrk, CKiR Orle Gniazdo ul. Wrzosowa 28a"]
[Date "2014-07-29"]
[Round "7.96"]
[White "Kosior, Jan"]
[Black "Czerw, Dawid"]
[Result "0-1"]
[WhiteTitle "II"]
[BlackTitle "I++"]
[WhiteElo "1424"]
[BlackElo "1993"]

1. c4 e5 2. Nc3 Nc6 3. g3 g6 4. Bg2 Bg7 5. e4 d6 6. Nge2 Be6 7. d3 Nge7 8. Nd5
h6 9. O-O O-O 10. Be3 Nd4 11. Qd2 Kh7 12. f4 Nxe2+ 13. Qxe2 exf4 14. Rxf4 f5 15.
Bh3 Nxd5 16. exd5 Bd7 17. Qd2 g5 18. Rff1 f4 19. gxf4 Bxh3 20. Rf3 Qd7 21. Qf2
Bg4 22. Rg3 gxf4 23. Bxf4 Be5 24. Rf1 Rxf4 25. Qxf4 Bxf4 26. Rxf4 Rg8 27. Kg2
Bh3+ 28. Kf2 Rxg3 29. Kxg3 Bf5 0-1

[Event "DRUZYNOWE MISTRZOSTWA POLSKI JUNIOROW - II LIGA"]
[Site "Szczyrk, CKiR Orle Gniazdo ul. Wrzosowa 28a"]
[Date "2014-07-29"]
[Round "7.97"]
[White "Wodecki, Mikolaj"]
[Black "Wierzba, Maksymilian"]
[Result "1-0"]
[WhiteTitle "III"]
[BlackTitle "II"]
[WhiteElo "1374"]
[BlackElo "1463"]

1. e4 e6 2. d4 d5 3. Nc3 Nf6 4. e5 Nfd7 5. f4 c5 6. Nf3 Nc6 7. Be3 a6 8. Be2 b5
9. O-O Qb6 10. dxc5 Bxc5 11. Bxc5 Nxc5 12. Kh1 b4 13. Nb1 Ne4 14. Qe1 Qe3 15.
Nbd2 Qxf4 16. Nxe4 dxe4 17. Nd4 Qxe5 18. Nxc6 Qxb2 19. Qh4 f6 20. Qxe4 e5 21.
Qxb4 Qxb4 22. Nxb4 a5 23. Nd5 O-O 24. Ne7+ Kh8 25. Nxc8 Raxc8 26. c4 f5 27. Rac1
Rc5 28. Bd3 e4 29. Bxe4 g6 30. Bd5 Kg7 31. Rb1 Rfc8 32. Rb5 Kf6 33. Rxc5 Rxc5
34. Re1 h6 35. Re6+ Kg7 36. Rc6 Rxc6 37. Bxc6 Kf6 38. a4 Ke5 39. Kg1 g5 40. Kf2
Kd4 41. Bb5 h5 42. Kf3 h4 43. h3 Kc5 44. g3 hxg3 45. Kxg3 f4+ 46. Kf3 Kd4 47.
h4 gxh4 48. Kxf4 Kc5 49. Kg4 h3 50. Kxh3 Kd6 51. Kg4 Kc5 52. Kf5 Kd4 53. Ke6 Kc5
54. Ke5 Kb6 55. Kd6 Kb7 56. Kd7 Kb8 57. c5 Kb7 58. Kd8 Kb8 59. c6 Ka8 60. c7 Kb7
61. c8=Q+ Kb6 62. Qc7# 1-0

[Event "DRUZYNOWE MISTRZOSTWA POLSKI JUNIOROW - II LIGA"]
[Site "Szczyrk, CKiR Orle Gniazdo ul. Wrzosowa 28a"]
[Date "2014-07-29"]
[Round "7.98"]
[White "Sloniewski, Kacper"]
[Black "Koloczek, Maciej"]
[Result "1-0"]
[WhiteTitle "II"]
[BlackTitle "II"]
[WhiteElo "1093"]
[BlackElo "1461"]

1. c4 Nf6 2. Nc3 g6 3. d4 Bg7 4. g3 O-O 5. Bg2 d6 6. Nf3 c5 7. e3 Nc6 8. O-O a6
9. b3 Rb8 10. Bb2 b5 11. Qe2 bxc4 12. Qxc4 Rb4 13. Qd3 c4 14. Qc2 cxb3 15. axb3
Na5 16. Nd2 Bd7 17. Ba3 Rb8 18. b4 Nc6 19. Rab1 Na7 20. Rfc1 Qc7 21. Nd5 Nxd5
22. Qxc7 Nxc7 23. Rxc7 Nb5 24. Rxd7 Nxa3 25. Ra1 Nc2 26. Rxa6 Nxb4 27. Raa7 d5
28. Bxd5 Nxd5 29. Rxd5 e6 30. Rdd7 e5 31. d5 Rbd8 32. e4 Rxd7 33. Rxd7 Rc8 34.
d6 Bf8 35. Rc7 Rd8 36. d7 f6 37. Nc4 Kf7 38. Nb6 Ke6 39. Rc8 Be7 40. Kf1 f5 41.
f3 h5 42. h3 fxe4 43. fxe4 g5 44. Ke2 h4 45. g4 Kd6 46. Kd3 Ke6 47. Kc4 Kd6 48.
Kb4 Bf6 49. Kb5 Be7 50. Rc6# 1-0

[Event "DRUZYNOWE MISTRZOSTWA POLSKI JUNIOROW - II LIGA"]
[Site "Szczyrk, CKiR Orle Gniazdo ul. Wrzosowa 28a"]
[Date "2014-07-29"]
[Round "7.99"]
[White "Galuszka, Tomasz"]
[Black "Szczapa, Piotr"]
[Result "1-0"]
[WhiteTitle "III"]
[BlackTitle "II"]
[WhiteElo "1344"]
[BlackElo "1170"]

1. e4 d5 2. exd5 Qxd5 3. Nc3 Qd6 4. d4 Nf6 5. Nf3 a6 6. h3 g6 7. Bc4 b5 8. Bb3
Bb7 9. Be3 Bg7 10. O-O O-O 11. Ne5 Nfd7 12. f4 e6 13. Qg4 Re8 14. Ne2 Bd5 15.
Bxd5 Qxd5 16. Nc3 Qd6 17. Qf3 Nb6 18. Ne4 Qe7 19. c3 f6 20. Nd3 N8d7 21. b3 Rec8
22. Ndc5 Nxc5 23. Nxc5 Nd7 24. Nxd7 Qxd7 25. Rad1 Qd5 26. Bc1 Qxf3 27. Rxf3 Rd8
28. Rdd3 Bh6 29. Ba3 Bf8 30. Bxf8 Rxf8 31. Kf2 Rad8 32. Ke2 Rd5 33. g4 Re8 34.
Rfe3 Kf7 35. Kf3 f5 36. g5 Red8 37. Ke2 b4 38. Re5 Rxe5+ 39. dxe5 Rxd3 40. Kxd3
bxc3 41. Kxc3 Kg7 42. Kc4 h6 43. h4 hxg5 44. hxg5 Kf7 45. Kc5 Ke7 46. Kc6 Kd8
47. a4 Kc8 48. b4 Kd8 49. b5 a5 50. b6 Kc8 51. Kb5 Kb7 52. bxc7 Kxc7 53. Kc5 Kd7
54. Kb6 Kc8 55. Kc6 Kd8 56. Kd6 Ke8 57. Kxe6 Kf8 58. Kd7 Kf7 59. e6+ Kg7 60. e7
Kh7 61. e8=Q Kg7 62. Qe7+ Kg8 63. Ke6 Kh8 64. Kf6 Kg8 65. Qg7# 1-0

[Event "DRUZYNOWE MISTRZOSTWA POLSKI JUNIOROW - II LIGA"]
[Site "Szczyrk, CKiR Orle Gniazdo ul. Wrzosowa 28a"]
[Date "2014-07-29"]
[Round "7.100"]
[White "Dabrowska, Aleksandra"]
[Black "Kordela, Monika"]
[Result "0-1"]
[WhiteTitle "II"]
[BlackTitle "II"]
[WhiteElo "1372"]
[BlackElo "1342"]

1. e4 c5 2. Nf3 d6 3. d4 cxd4 4. Nxd4 Nf6 5. Nc3 g6 6. Be3 Bg7 7. f3 h5 8. Qd2
Nc6 9. O-O-O Bd7 10. Be2 Ne5 11. Kb1 Rc8 12. h3 Nc4 13. Bxc4 Rxc4 14. g3 a6 15.
g4 b5 16. a3 b4 17. axb4 Rxb4 18. Na2 Rb7 19. Qe2 a5 20. Qa6 Rb6 21. Qe2 a4 22.
Qf2 Rb7 23. Qe2 Qb8 24. c3 a3 25. b4 Ba4 26. Rc1 Nd7 27. Qd2 Ne5 28. Qe2 Nc6 29.
Qd3 Qc7 30. Nc2 Bb5 31. Qd2 Bc4 32. Nxa3 Ne5 33. Qd1 Qa5 34. Nxc4 Nxc4 35. Bf2
O-O 36. Qe2 Qb5 37. Rce1 Ra8 38. gxh5 Qa4 39. Qxc4 Rc7 40. Qe2 Bxc3 41. Nxc3 Rxc3
42. Bd4 0-1

[Event "DRUZYNOWE MISTRZOSTWA POLSKI JUNIOROW - II LIGA"]
[Site "Szczyrk, CKiR Orle Gniazdo ul. Wrzosowa 28a"]
[Date "2014-07-29"]
[Round "7.101"]
[White "Adamczyk, Zuzanna"]
[Black "Kaczmarska, Joanna"]
[Result "0-1"]
[WhiteTitle "I"]
[BlackTitle "I++"]
[WhiteElo "1238"]
[BlackElo "1717"]

1. d4 d5 2. Nf3 Nf6 3. e3 e6 4. Bd3 c5 5. b3 cxd4 6. exd4 Nc6 7. Bb2 Be7 8. Nbd2
O-O 9. O-O Bd7 10. Ne5 Rc8 11. a3 a5 12. f4 Ne8 13. Rc1 Nxe5 14. fxe5 g6 15. Qg4
Bg5 16. Rcd1 f5 17. Qf3 b5 18. Qe2 Nc7 19. Nf3 Bh6 20. c3 Qe8 21. Bc1 Bg7 22.
Qf2 h6 23. Bd2 g5 24. c4 bxc4 25. bxc4 dxc4 26. Bxc4 Nb5 27. Bxb5 Bxb5 28. Rfe1
Rc2 29. Rc1 Ra2 30. Qe3 a4 31. Ra1 Rxa1 32. Rxa1 f4 33. Qc3 g4 34. Ne1 f3 35.
Be3 Qf7 36. Ra2 Qh5 37. Rf2 Be2 38. Qc6 Qf5 39. Qxa4 Qb1 40. Qb4 Rb8 41. Qxb1
Rxb1 42. Bd2 Rd1 43. Bc3 h5 44. gxf3 gxf3 45. h3 Bh6 46. a4 Be3 47. a5 Bxd4 48.
Bxd4 Rxe1+ 49. Kh2 h4 50. Bc3 Rc1 51. Bd4 Kf7 52. a6 Rc8 53. a7 Kg6 54. Kg1 Kf5
55. Rh2 Ke4 56. Bc5 Ra8 57. Bd6 Rxa7 58. Kf2 Ra1 59. Rh1 Rxh1 60. Bc5 Rf1# 0-1

[Event "DRUZYNOWE MISTRZOSTWA POLSKI JUNIOROW - II LIGA"]
[Site "Szczyrk, CKiR Orle Gniazdo ul. Wrzosowa 28a"]
[Date "2014-07-29"]
[Round "7.102"]
[White "Szczecina, Kamil"]
[Black "Niedbala, Wojciech"]
[Result "1/2-1/2"]
[WhiteTitle "I"]
[BlackTitle "I"]
[WhiteElo "1889"]
[BlackElo "1851"]

1. Nf3 Nf6 2. g3 g6 3. Bg2 Bg7 4. O-O O-O 5. d3 d5 6. Nbd2 c5 7. e4 Nc6 8. Re1
dxe4 9. dxe4 Ng4 10. h3 Nge5 11. Qe2 Nxf3+ 12. Nxf3 b6 13. e5 e6 14. Bf4 Bb7 15.
Rad1 Qc7 16. Rd6 Ne7 17. Qd2 Bc6 18. Rd1 Rfe8 19. c4 Rac8 20. g4 Qb7 21. Qe2 Rc7
22. b3 Nc8 23. Rxc6 Rxc6 24. Ng5 h6 25. Ne4 Qc7 26. Nd6 Nxd6 27. exd6 Qd7 28.
Bxc6 Qxc6 29. Qe3 Bd4 30. Rxd4 cxd4 31. Qxd4 e5 32. Bxe5 f6 33. d7 Rd8 34. Bxf6
Rxd7 35. Qe5 Rd1+ 36. Kh2 Qh1+ 37. Kg3 Qg1+ 38. Kf3 Qh1+ 39. Kf4 Qh2+ 40. Kf3
Qxh3+ 41. Kf4 g5+ 42. Kf5 Qd3+ 43. Qe4 Qd7+ 44. Ke5 Qc7+ 45. Kf5 Qh7+ 46. Ke5
Qxe4+ 47. Kxe4 Rd2 48. Bd4 Rxa2 49. b4 Kf7 50. Kd5 Re2 51. Be3 Rb2 52. b5 Ke7
53. f4 gxf4 54. Bxf4 Rg2 55. Bb8 Rxg4 56. Bxa7 Rg6 57. c5 bxc5 58. b6 1/2-1/2

[Event "DRUZYNOWE MISTRZOSTWA POLSKI JUNIOROW - II LIGA"]
[Site "Szczyrk, CKiR Orle Gniazdo ul. Wrzosowa 28a"]
[Date "2014-07-29"]
[Round "7.103"]
[White "Wojciechowski, Antoni"]
[Black "Stemplewski, Kamil"]
[Result "0-1"]
[WhiteTitle "II+"]
[BlackTitle "II"]
[WhiteElo "1529"]
[BlackElo "1535"]

1. d4 d5 2. c4 e6 3. Nf3 Nf6 4. Nc3 Bd6 5. e3 Nbd7 6. c5 Be7 7. b4 c6 8. Qb3 Qc7
9. Bd3 e5 10. e4 exd4 11. Nxd4 dxe4 12. Bc2 Ne5 13. Nxe4 Ng6 14. Qg3 Qxg3 15.
Nxg3 Nd5 16. a3 a5 17. Rb1 O-O 18. O-O Bf6 19. Ngf5 Bxf5 20. Nxf5 Nc3 21. Rb3
a4 22. Rxc3 Bxc3 23. Nd6 Rfb8 24. Be4 Be5 25. Nc4 Bc7 26. Bg5 f6 27. Be3 Rd8 28.
f4 Ne7 29. Bc2 Nd5 30. Bc1 Re8 31. Bd3 Nc3 32. Kf2 Rad8 33. Nb2 b5 34. g3 Rd7
35. Kg2 Ne2 36. Bd2 Nd4 37. Bc1 Nb3 38. Kf2 Nxc1 39. Rxc1 g6 40. Rd1 Kg7 41. Kf3
f5 42. Rc1 Bd8 43. Bf1 Rd2 44. Nd3 Bf6 45. Re1 Rxd3+ 46. Bxd3 Rxe1 47. g4 fxg4+
48. Kxg4 Re3 49. Bb1 0-1